01139nam a2200301Ia 4500001001200000003000800012006001900020007001500039008004100054010001700095020001800112020001500130040002100145035002100166050002300187100002900210245008700239260003800326300002300364504004100387533015200428650003400580650003400614655002900648710001700677856012600694999001700820ebr10274568CaPaEBRm u cr cn|||||||||820916s1973 enka sb 000 0 eng d z 73161959  z9780198281795 z019828179X aCaPaEBRcCaPaEBR a(OCoLC)66688326514aHB501b.H48 1973eb1 aHicks, John,d1904-1989.10aCapital and timeh[electronic resource] :ba neo-Austrian theory /cby John Hicks. aOxford :bClarendon Press,c1973. axi, 213 p. :bill. aIncludes bibliographical references. aElectronic reproduction.bPalo Alto, Calif. :cebrary,d2009.nAvailable via World Wide Web.nAccess may be limited to ebrary affiliated libraries. 0aCapitalxMathematical models. 0aAustrian school of economics. 7aElectronic books.2local2 aebrary, Inc.40uhttp://site.ebrary.com/lib/rucke/Doc?id=10274568zAn electronic book accessible through the World Wide Web; click to view c21341d21341